euroREPORT časopis na podporu integrácie Slovenska do Európskej únie

Salvato in:
Dettagli Bibliografici
Natura: Periodico
Lingua:slovacco
Pubblicazione: Bratislava Aktuall-press 2006
Soggetti:
Tags: Aggiungi Tag
Nessun Tag, puoi essere il primo ad aggiungerne!!

MARC

LEADER 00000nas2a2200000 4500
001 0109404
005 20100127132812.4
022 |a 1335-9762 
041 0 |a slo 
044 |a SK 
245 1 0 |a euroREPORT  |b časopis na podporu integrácie Slovenska do Európskej únie 
264 1 |a Bratislava  |b Aktuall-press  |c 2006 
773 0 |w eu_un_cat*s124274 
610 2 0 |a integrácia ekonomická medzinárodná 
610 2 0 |a Slovensko